[Event "9th Sunway Sitges 2022"]
[Site "Sitges ESP"]
[Date "2022.12.13"]
[Round "2.95"]
[White "Schneider, Jana"]
[Black "Ramos Aguilar, Jose Manuel"]
[Result "1-0"]
[WhiteTitle "FM"]
[WhiteElo "2272"]
[BlackElo "2008"]
[WhiteFideId "12924997"]
[BlackFideId "2221390"]
[EventDate "2022.12.12"]

1. e4 c5 2. Nf3 e6 3. d4 cxd4 4. Nxd4 Nc6 5. Nc3 Qc7 6. Be3 a6 7. g4 b5 8. Nxc6
Qxc6 9. Qd2 Bb7 10. O-O-O Nf6 11. f3 h6 12. h4 Rd8 13. Bg2 Bb4 14. g5 Nh5 15.
gxh6 gxh6 16. Bd4 f6 17. f4 Kf7 18. Bf3 Ng3 19. Rhg1 Nxe4 20. Bxe4 1-0

[Event "9th Sunway Sitges 2022"]
[Site "Sitges ESP"]
[Date "2022.12.13"]
[Round "2.96"]
[White "Kumar, Sanjit S"]
[Black "Domene Mulyukov, Alexander"]
[Result "0-1"]
[BlackTitle "FM"]
[WhiteElo "1965"]
[BlackElo "2271"]
[WhiteFideId "468142"]
[BlackFideId "24589802"]
[EventDate "2022.12.12"]

1. d4 Nf6 2. c4 c5 3. d5 b5 4. Nf3 g6 5. cxb5 a6 6. b6 d6 7. Nc3 Bg7 8. e4 O-O
9. Be2 Nbd7 10. O-O Nxb6 11. a4 a5 12. Nd2 Ne8 13. Qc2 Nc7 14. Nc4 Na6 15. Be3
Nb4 16. Qd2 f5 17. f3 Rf7 18. Rad1 Ba6 19. Nxb6 Qxb6 20. Bxa6 Nxa6 21. Nb5 Nc7
22. Nxc7 Qxc7 23. b3 Rb8 24. Qc2 Qb7 25. Rb1 fxe4 26. fxe4 Rxf1+ 27. Kxf1 Qb4
28. Rc1 Bd4 29. Bxd4 Qxd4 30. Ke2 Rb4 31. Kf3 c4 32. Rb1 Rb8 33. bxc4 Rf8+ 34.
Kg3 Qe3+ 35. Kh4 Rf4+ 36. g4 Rxg4+ 37. Kxg4 h5+ 38. Kh4 Qf4+ 0-1

[Event "9th Sunway Sitges 2022"]
[Site "Sitges ESP"]
[Date "2022.12.13"]
[Round "2.98"]
[White "Pousada Garcia, Daniel"]
[Black "Oswaldo Valentin, Requejo Cotrin"]
[Result "0-1"]
[BlackTitle "FM"]
[WhiteElo "1960"]
[BlackElo "2248"]
[WhiteFideId "2278642"]
[BlackFideId "3800423"]
[EventDate "2022.12.12"]

1. e4 c5 2. Nf3 d6 3. d4 cxd4 4. Qxd4 Nc6 5. Bb5 Bd7 6. Bxc6 Bxc6 7. Nc3 Nf6 8.
Bg5 e6 9. O-O-O Be7 10. Rhe1 O-O 11. e5 dxe5 12. Qh4 Qc7 13. Nxe5 Rfd8 14. Rxd8+
Bxd8 15. Qc4 Nd5 16. Bxd8 Qxd8 17. Nxc6 bxc6 18. Nxd5 cxd5 19. Qd4 Rc8 20. Re3
h5 21. Rg3 g6 22. Qe5 Qb6 23. Qf6 Qb4 24. c3 Qe4 25. Re3 Qxg2 26. Rxe6 fxe6 27.
Qxe6+ Kg7 28. Qxc8 Qf1+ 29. Kc2 Qxf2+ 30. Kb3 Qxh2 31. Qd7+ Kh6 32. Qxa7 Qf4 33.
Qa8 h4 34. a4 d4 35. a5 d3 36. Qh8+ Kg5 37. Qd8+ Kg4 38. Qxd3 Qf7+ 39. Ka3 h3
40. Qe4+ Kg3 41. a6 h2 42. Qb7 Qf1 43. Qb8+ Kh3 44. Qc8+ Kg3 45. Qc7+ Kg2 46.
Qc6+ Kf2 47. Qf6+ Ke1 48. Qh4+ Qf2 49. Qe4+ Kd2 50. Qb7 Qg1 51. Qd5+ Ke1 52. a7
Qxa7+ 53. Kb3 Qb6+ 54. Kc4 Qg1 55. Qf3 h1=Q 0-1

[Event "9th Sunway Sitges 2022"]
[Site "Sitges ESP"]
[Date "2022.12.13"]
[Round "2.99"]
[White "Webb, Laurence E"]
[Black "Ankitha, Goud Palle"]
[Result "1-0"]
[WhiteTitle "FM"]
[BlackTitle "WCM"]
[WhiteElo "2201"]
[BlackElo "1980"]
[WhiteFideId "402389"]
[BlackFideId "35036270"]
[EventDate "2022.12.12"]

1. e4 e6 2. d4 d5 3. e5 c5 4. c3 Nc6 5. Nf3 Qb6 6. Bd3 cxd4 7. O-O Bd7 8. Re1
Rc8 9. a3 a5 10. Nbd2 dxc3 11. bxc3 Bc5 12. Qe2 a4 13. Rb1 Qa7 14. c4 Nge7 15.
h4 Ng6 16. g3 Nd4 17. Nxd4 Bxd4 18. Bb2 Nxe5 19. Bxd4 Qxd4 20. Qxe5 Qxd3 21.
Qxg7 Rf8 22. Rbd1 Qg6 23. Qd4 Rg8 24. cxd5 Kf8 25. Ne4 Rc2 26. dxe6 Bxe6 27. Ng5
Bb3 28. Qe5 h6 29. Rd8# 1-0

[Event "9th Sunway Sitges 2022"]
[Site "Sitges ESP"]
[Date "2022.12.13"]
[Round "2.100"]
[White "Altisen Palmada, Roberto"]
[Black "Gaboyan, Susanna"]
[Result "1/2-1/2"]
[BlackTitle "WIM"]
[WhiteElo "1948"]
[BlackElo "2200"]
[WhiteFideId "2208652"]
[BlackFideId "13303627"]
[EventDate "2022.12.12"]

1. e4 c5 2. Nf3 Nc6 3. d4 cxd4 4. Nxd4 Nf6 5. Nc3 e5 6. Ndb5 d6 7. Bg5 a6 8. Na3
b5 9. Nd5 Be7 10. Bxf6 Bxf6 11. c3 Ne7 12. Nc2 Nxd5 13. Qxd5 Rb8 14. Nb4 Bb7 15.
Qd3 O-O 16. Nd5 Bg5 17. Be2 f5 18. Bf3 Bxd5 19. Qxd5+ Kh8 20. O-O Qb6 21. Rad1
fxe4 22. Qxe4 Rf6 23. Qe2 Rbf8 24. Rd3 Rh6 25. Be4 Bd8 26. g3 Qa7 27. Kg2 Bb6
28. f3 Qd7 29. g4 Qe7 30. h3 Qh4 31. Rh1 Rhf6 32. Qe1 Qh6 33. Qd2 Qh4 34. Qe1
Qg5 35. Qd2 Qxd2+ 36. Rxd2 a5 37. Rd5 Bc5 38. b4 axb4 39. cxb4 Bxb4 40. Rxb5 Ba3
41. Rb3 Bc5 42. Rhb1 g6 43. a4 R6f7 44. Rb7 Rxb7 45. Rxb7 d5 46. Bxd5 Rd8 47.
Be4 Rd2+ 48. Kf1 Ra2 49. Bc6 g5 50. Be4 Rxa4 51. Rxh7+ Kg8 52. Rc7 Be3 53. Ke2
Bf4 54. Kf2 1/2-1/2

[Event "9th Sunway Sitges 2022"]
[Site "Sitges ESP"]
[Date "2022.12.13"]
[Round "2.101"]
[White "Ribera Veganzones, Serni"]
[Black "Bland, David I"]
[Result "1-0"]
[WhiteTitle "CM"]
[WhiteElo "2199"]
[BlackElo "1974"]
[WhiteFideId "6900860"]
[BlackFideId "412244"]
[EventDate "2022.12.12"]

1. e4 c6 2. Nf3 d5 3. d3 Bg4 4. h3 Bxf3 5. Qxf3 e6 6. g3 Nd7 7. Bg2 Ngf6 8. Qe2
dxe4 9. dxe4 Be7 10. O-O O-O 11. e5 Nd5 12. c4 Nc7 13. Nc3 f6 14. exf6 Bxf6 15.
Rd1 Qe7 16. Ne4 Nc5 17. Nxf6+ gxf6 18. b4 Nd7 19. Bf4 e5 20. Qg4+ 1-0

[Event "9th Sunway Sitges 2022"]
[Site "Sitges ESP"]
[Date "2022.12.13"]
[Round "2.102"]
[White "Tudor, Henry Edward"]
[Black "Cherniack, Alex"]
[Result "1-0"]
[WhiteElo "1942"]
[BlackElo "2188"]
[WhiteFideId "2409836"]
[BlackFideId "2007606"]
[EventDate "2022.12.12"]

1. d4 Nf6 2. c4 g6 3. Nc3 d5 4. cxd5 Nxd5 5. e4 Nxc3 6. bxc3 Bg7 7. Qa4+ Nd7 8.
Nf3 O-O 9. Qa3 c5 10. h4 cxd4 11. cxd4 Nf6 12. e5 Nd5 13. h5 Qb6 14. Bd2 Bg4 15.
Ba5 Qc6 16. hxg6 fxg6 17. Ng5 h6 18. Rc1 Qd7 19. Ne4 b6 20. Bd2 g5 21. Qb3 Rfd8
22. Bb5 Qe6 23. Rc6 Qf7 24. Rcxh6 Bxh6 25. Rxh6 Qg7 26. Bxg5 Bf5 27. Qf3 Bg6 28.
Bc6 Rac8 29. Nd6 Rxd6 30. exd6 Nf6 31. dxe7 Qxe7+ 32. Kf1 Kg7 33. Bxf6+ Qxf6 34.
Qxf6+ Kxf6 35. Be4 1-0

[Event "9th Sunway Sitges 2022"]
[Site "Sitges ESP"]
[Date "2022.12.13"]
[Round "2.103"]
[White "Nilssen, Ellen Fredericia"]
[Black "Chia, Yu Zhe Ashton"]
[Result "1-0"]
[WhiteTitle "WFM"]
[WhiteElo "2187"]
[BlackElo "1970"]
[WhiteFideId "1441230"]
[BlackFideId "5821304"]
[EventDate "2022.12.12"]

1. d4 Nf6 2. c4 e6 3. Nf3 b6 4. g3 Ba6 5. Qc2 c5 6. d5 exd5 7. cxd5 Bb7 8. Bg2
Nxd5 9. O-O Be7 10. Ne5 O-O 11. Qb3 1-0

[Event "9th Sunway Sitges 2022"]
[Site "Sitges ESP"]
[Date "2022.12.13"]
[Round "2.104"]
[White "Follana Albelda, Lucia"]
[Black "Joel Paul Ganta"]
[Result "0-1"]
[WhiteElo "1938"]
[BlackElo "2183"]
[WhiteFideId "24516937"]
[BlackFideId "35066145"]
[EventDate "2022.12.12"]

1. e4 c5 2. Nf3 d6 3. d4 cxd4 4. Nxd4 Nf6 5. Nc3 Nc6 6. Bg5 Bd7 7. Qd2 a6 8.
O-O-O e6 9. f4 Be7 10. Nf3 b5 11. Bxf6 gxf6 12. f5 Qb6 13. g3 O-O-O 14. Bh3 Kb8
15. fxe6 fxe6 16. Ne2 Ne5 17. Nfd4 f5 18. Nf4 Nc4 19. Qe2 Bf6 20. c3 Qa5 21. Kb1
e5 22. Nb3 Qa4 23. Nd5 Bg5 24. Bxf5 Bc6 25. Nb4 Bb7 26. Nc2 h5 27. h3 h4 28.
gxh4 Rxh4 29. Rhg1 Bh6 30. Nc5 Qa5 31. Ne6 Rh8 32. Qe1 Bf4 33. Nxf4 Rxf4 34. Rg4
Rxg4 35. Bxg4 Qd8 36. b3 Nb6 37. Kb2 Qe7 38. Qe3 Qc7 39. Nb4 Rf8 40. Rd2 a5 41.
Nd5 Bxd5 42. exd5 a4 43. Be6 a3+ 44. Kc2 b4 45. h4 Qh7+ 46. Rd3 Kb7 47. Qg3 bxc3
48. Kxc3 e4 49. Re3 Qh8+ 50. Kd2 Qb2+ 51. Ke1 Qc1+ 52. Ke2 Qf1+ 53. Kd2 Rf2+ 54.
Kc3 Qa1+ 0-1

[Event "9th Sunway Sitges 2022"]
[Site "Sitges ESP"]
[Date "2022.12.13"]
[Round "2.105"]
[White "Sherman, Reem"]
[Black "Fernandez Climent, Albert"]
[Result "1-0"]
[WhiteElo "2179"]
[BlackElo "1963"]
[WhiteFideId "2822288"]
[BlackFideId "24599166"]
[EventDate "2022.12.12"]

1. e4 e6 2. d4 d5 3. Bd3 dxe4 4. Bxe4 Nf6 5. Bf3 c5 6. Ne2 Nc6 7. Be3 cxd4 8.
Nxd4 Ne5 9. Nc3 a6 10. a3 Bd6 11. Qe2 Qc7 12. h3 h6 13. O-O O-O 14. Kh1 Kh8 15.
Rfe1 Bd7 16. Rad1 Rad8 17. Bf4 Nxf3 18. Bxd6 Qxd6 19. Qxf3 Qb6 20. b4 Rc8 21.
Nb3 Bc6 22. Qe3 Qc7 23. Ne2 Nd5 24. Qd4 Bb5 25. Rc1 Rfd8 26. Qh4 Bxe2 27. Rxe2
Nc3 28. Re3 Na2 29. Rce1 Qxc2 30. Nc5 b6 31. Ne4 Rd1 32. Rxd1 Qxd1+ 33. Kh2 Nc1
34. Ng3 Qd6 35. Qe4 Rc6 36. f4 b5 37. f5 exf5 38. Qxf5 Qg6 39. Qd5 Re6 40. Rf3
Ne2 41. Nf1 Rf6 42. Rxf6 gxf6 43. Qf3 Nd4 44. Qd5 Ne6 45. Ng3 Qg5 46. Qb7 Kg7
47. Qxa6 Qe5 48. a4 Nd4 49. axb5 h5 50. h4 Qf4 51. Qa3 Qxh4+ 52. Kg1 Qg4 53. Qd3
h4 54. Nf1 Ne2+ 55. Kf2 Qxg2+ 56. Kxg2 Nf4+ 57. Kf3 Nxd3 58. Ke4 Ne5 59. Kd5 Kf8
60. Kd6 Ke8 61. b6 Kd8 62. b7 Nd7 63. Kc6 Nb8+ 64. Kb6 Nd7+ 65. Ka7 Kc7 66. Nh2
Kc6 67. Ng4 h3 68. Nxf6 h2 69. Nxd7 Kxd7 70. b8=Q h1=Q 71. Qb5+ Ke6 72. Qc4+ Ke7
73. Qc5+ Ke6 74. b5 Qa1+ 75. Kb8 f5 76. b6 f4 77. b7 f3 78. Kc7 Qg7+ 79. Kc6
Qd7+ 80. Kb6 Qd8+ 81. Ka6 Kf6 82. Qb6+ Qxb6+ 83. Kxb6 Kf5 84. b8=Q Ke4 85. Qe8+
Kd3 86. Qe1 Kd4 87. Qf2+ Ke4 88. Kc5 1-0

[Event "9th Sunway Sitges 2022"]
[Site "Sitges ESP"]
[Date "2022.12.13"]
[Round "2.107"]
[White "Perkampus, Laurin"]
[Black "Verbruggen, Samuel"]
[Result "1/2-1/2"]
[WhiteElo "2168"]
[BlackElo "1963"]
[WhiteFideId "16232283"]
[BlackFideId "203181"]
[EventDate "2022.12.12"]

1. d4 Nf6 2. c4 e6 3. Nc3 Bb4 4. Qc2 O-O 5. e4 d5 6. e5 Ne4 7. Bd3 c5 8. Ne2
cxd4 9. Nxd4 Nd7 10. Bf4 Qh4 11. g3 Qh5 12. O-O g5 13. cxd5 gxf4 14. dxe6 fxg3
15. fxg3 Bc5 16. exd7 Bxd4+ 17. Kg2 Bxd7 18. Nxe4 Bxe5 19. Rf2 Rac8 20. Qe2 Bg4
21. Qe3 Bd7 22. Qe2 Bg4 23. Qe3 Bd7 24. Qe2 Bg4 1/2-1/2

[Event "9th Sunway Sitges 2022"]
[Site "Sitges ESP"]
[Date "2022.12.13"]
[Round "2.108"]
[White "Bonoo, Iwan"]
[Black "De Santis, Alessio"]
[Result "1-0"]
[BlackTitle "FM"]
[WhiteElo "1925"]
[BlackElo "2159"]
[WhiteFideId "1028367"]
[BlackFideId "803405"]
[EventDate "2022.12.12"]

1. d4 Nf6 2. c4 c5 3. d5 b5 4. cxb5 a6 5. e3 axb5 6. Bxb5 Qa5+ 7. Nc3 g6 8. a4
Bg7 9. Bd2 O-O 10. Nf3 Na6 11. O-O Nb4 12. e4 Qc7 13. Ra3 d6 14. h3 Bd7 15. Re1
Rfb8 16. Bc4 Qb7 17. Nb5 Ne8 18. Bc3 Nc7 19. Bxg7 Kxg7 20. Nxc7 Qxc7 21. b3 f6
22. Ra1 Qa5 23. Qd2 Bc8 24. Qc3 Nc6 25. Qe3 Nd8 26. e5 Nf7 27. exf6+ exf6 28.
Qf4 Qd8 29. Re3 Rb4 30. Rae1 Ne5 31. Nxe5 fxe5 32. Rxe5 dxe5 33. Qxe5+ Qf6 34.
Qc7+ Kh6 35. Re7 Bd7 36. Rxd7 Rh8 37. Qxc5 Qa1+ 38. Kh2 Qe5+ 39. g3 Qc3 40. Qe7
Qd4 41. Kg2 Rbb8 42. g4 1-0

[Event "9th Sunway Sitges 2022"]
[Site "Sitges ESP"]
[Date "2022.12.13"]
[Round "2.109"]
[White "Hryzlova, Sofiia"]
[Black "Kotmans, Rob"]
[Result "1-0"]
[WhiteTitle "WIM"]
[WhiteElo "2157"]
[BlackElo "1948"]
[WhiteFideId "14174669"]
[BlackFideId "1021494"]
[EventDate "2022.12.12"]

1. d4 f5 2. Nc3 Nf6 3. Bg5 d5 4. e3 e6 5. Nf3 Be7 6. Bd3 b6 7. O-O Ba6 8. Bxa6
Nxa6 9. Ne5 Nb8 10. Ne2 Nfd7 11. Nf4 Nxe5 12. dxe5 Bxg5 13. Nxe6 Qe7 14. Nxg5
Qxg5 15. Qxd5 c6 16. Qe6+ Qe7 17. Qc8+ Qd8 18. Qb7 Nd7 19. e6 Ne5 20. Rad1 O-O
21. Rxd8 Rfxd8 22. Qc7 Ng4 23. Qf7+ Kh8 24. Qxf5 Nf6 25. e4 Rd2 26. e5 Ng8 27.
Qf7 Nh6 28. Qb7 Rad8 29. Qxc6 Nf5 30. Qc7 g6 31. g4 Ng7 32. e7 Re8 33. e6 Kg8
34. Re1 a5 35. a4 Kh8 36. Qc3 Rd6 37. Qf6 Rg8 38. h4 1-0

[Event "9th Sunway Sitges 2022"]
[Site "Sitges ESP"]
[Date "2022.12.13"]
[Round "2.110"]
[White "Pina, Tiago"]
[Black "Baert, Andy"]
[Result "0-1"]
[BlackTitle "FM"]
[WhiteElo "1916"]
[BlackElo "2156"]
[WhiteFideId "1950673"]
[BlackFideId "200107"]
[EventDate "2022.12.12"]

1. e4 c5 2. Nf3 d6 3. d4 cxd4 4. Nxd4 Nf6 5. Nc3 a6 6. h3 h6 7. g4 b5 8. Bg2 Bb7
9. O-O e6 10. a3 Nbd7 11. Qe2 Rc8 12. f4 e5 13. Nf5 g6 14. Ng3 Bg7 15. Be3 O-O
16. g5 hxg5 17. fxg5 Ne8 18. Qg4 Nb6 19. Nge2 Nc4 20. Bc1 Qb6+ 21. Kh2 Nc7 22.
Nd5 Nxd5 23. exd5 Ne3 24. Bxe3 Qxe3 25. Nc3 Rc4 26. Qg3 Qxg3+ 27. Kxg3 Rd8 28.
Be4 Rdc8 29. Rae1 b4 30. Nb1 bxa3 31. Nxa3 Rb4 32. b3 Rc5 33. Rf3 Rd4 34. c4 Rd2
35. b4 Rc7 36. Rf2 Rd4 37. Rc2 Bf8 38. h4 Kg7 39. Kf3 Bc8 40. Rec1 Bf5 41. Re1
f6 42. gxf6+ Kxf6 43. b5 axb5 44. Nxb5 Rdxc4 45. Nxc7 Bxe4+ 46. Rxe4 Rxc2 47.
Ne6 Bh6 48. Rb4 Kf5 49. Rb6 e4+ 50. Kg3 Ke5 51. Rb5 Rd2 0-1

[Event "9th Sunway Sitges 2022"]
[Site "Sitges ESP"]
[Date "2022.12.13"]
[Round "2.111"]
[White "Voiteanu, Gabriel"]
[Black "Gayon, Benoit"]
[Result "1-0"]
[WhiteTitle "FM"]
[WhiteElo "2152"]
[BlackElo "1941"]
[WhiteFideId "1208810"]
[BlackFideId "632040"]
[EventDate "2022.12.12"]

1. d4 Nf6 2. c4 c5 3. Nf3 cxd4 4. Nxd4 Nc6 5. g3 g6 6. Bg2 Bg7 7. O-O O-O 8. Nc3
Nxd4 9. Qxd4 d6 10. Qh4 Re8 11. Bg5 Rb8 12. Rad1 Ng4 13. h3 h6 14. hxg4 hxg5 15.
Qxg5 Bf6 16. Qf4 Be5 17. Qe4 Bd7 18. c5 Qc8 19. cxd6 exd6 20. Nd5 Bxg4 21. Rc1
Qf5 22. Qxf5 Bxf5 23. b4 Kg7 24. Rc7 Rec8 25. Rfc1 Bb2 26. R1c4 Be6 27. Rc2 Ba3
28. R7c3 Rxc3 29. Rxc3 Bb2 30. Rc7 Ba3 31. Be4 a6 32. Kg2 b6 33. Ra7 a5 34. bxa5
bxa5 35. Rxa5 Bc5 36. Nf4 Bc4 37. Bd3 Be6 38. Bxg6 Bxa2 39. Rxa2 fxg6 40. Ne6+
Kf6 41. Nxc5 dxc5 42. Ra6+ Kf5 43. Rc6 Rb5 44. f3 g5 45. e4+ Ke5 46. Rg6 Kd4 47.
Rxg5 Rb2+ 48. Kh3 c4 49. Rd5+ Ke3 50. Kg4 c3 51. Rc5 Kd3 52. e5 Rb4+ 53. f4 Rc4
54. Rxc4 Kxc4 55. e6 c2 56. e7 c1=Q 57. e8=Q Qd1+ 58. Kg5 Qd5+ 59. f5 Qd2+ 60.
Kh4 Qh6+ 61. Kg4 Qg7+ 62. Kf4 Qh6+ 63. Kf3 Qh1+ 64. Kg4 Qd1+ 65. Kg5 Qd2+ 66.
Kg6 Qg2 67. Qe5 Qh3 68. f6 Qg4+ 69. Qg5 Qe6 70. Kg7 Qd7+ 71. f7 Qd4+ 72. Kg8 1-0

[Event "9th Sunway Sitges 2022"]
[Site "Sitges ESP"]
[Date "2022.12.13"]
[Round "2.112"]
[White "Mashchenko, Tamila"]
[Black "Nurgaliyev, Sauat"]
[Result "0-1"]
[BlackTitle "CM"]
[WhiteElo "1913"]
[BlackElo "2150"]
[WhiteFideId "14154463"]
[BlackFideId "13726285"]
[EventDate "2022.12.12"]

1. d4 Nf6 2. c4 g6 3. Nc3 d5 4. cxd5 Nxd5 5. e4 Nb6 6. Be3 Bg7 7. Bd3 O-O 8.
Nge2 Nc6 9. Bb5 Na5 10. O-O c6 11. Bd3 Nac4 12. Bc1 Bg4 13. Bxc4 Nxc4 14. f3 Bd7
15. b3 Nb6 16. Be3 e5 17. d5 cxd5 18. Nxd5 Nxd5 19. Qxd5 Bc6 20. Qc4 Rc8 21.
Rfd1 Qa5 22. Qc3 Qa6 23. Qd2 f5 24. Nc3 Rfd8 25. Qf2 Qa5 26. Qb2 Bf8 27. Nd5
Bxd5 28. exd5 Rxd5 29. Rxd5 Qxd5 30. Bxa7 Bg7 31. Rc1 Ra8 32. Qf2 Bh6 33. Re1
Bf8 34. Be3 Bb4 35. Rc1 Qd3 36. Bg5 Ba5 37. Rf1 Rc8 38. Qe1 f4 39. Qb1 Rc2 40.
Bh4 Bb6+ 41. Kh1 Qe2 0-1

[Event "9th Sunway Sitges 2022"]
[Site "Sitges ESP"]
[Date "2022.12.13"]
[Round "2.113"]
[White "Wecker, Martin"]
[Black "Cafolla, Peter"]
[Result "1-0"]
[WhiteElo "2150"]
[BlackElo "1915"]
[WhiteFideId "12931462"]
[BlackFideId "2500884"]
[EventDate "2022.12.12"]

1. Nf3 c5 2. c4 Nf6 3. Nc3 g6 4. g3 Bg7 5. Bg2 O-O 6. O-O Nc6 7. d4 cxd4 8. Nxd4
a6 9. c5 Nxd4 10. Qxd4 d6 11. cxd6 Ne8 12. Qb4 Qxd6 13. Qxd6 Nxd6 14. Nd5 e6 15.
Nb6 Rb8 16. Rd1 Nf5 17. Bf4 e5 18. Bd2 Be6 19. Ba5 Nd4 20. e3 Nc6 21. Bc3 Rfd8
22. b3 Rxd1+ 23. Rxd1 Rd8 24. Rxd8+ Nxd8 25. Na4 b5 26. Nc5 Bc8 27. Bd5 Kf8 28.
Ba5 Bf6 29. Bc7 Be7 30. b4 Ne6 31. Bxe6 fxe6 32. e4 Bxc5 33. bxc5 Bb7 34. f3 Ke7
35. Kf2 g5 36. Ke3 Kf6 37. g4 Bc6 38. a3 Be8 39. Bd8+ Kg6 40. Kd3 b4 41. axb4
Bb5+ 42. Ke3 h6 43. h4 gxh4 44. Bxh4 Kf7 45. Bd8 Kg6 46. Kf2 Bc6 47. Kg3 Be8 48.
Kh4 Kg7 49. Bc7 Kf6 50. Bd6 Bb5 51. Kh5 Kf7 52. Kxh6 Be2 53. c6 Ke8 54. c7 Kd7
55. g5 Bxf3 56. g6 1-0

[Event "9th Sunway Sitges 2022"]
[Site "Sitges ESP"]
[Date "2022.12.14"]
[Round "3.1"]
[White "Yu, Yangyi"]
[Black "Fernandez Guillen, Ernesto J."]
[Result "1-0"]
[WhiteTitle "GM"]
[BlackTitle "IM"]
[WhiteElo "2728"]
[BlackElo "2462"]
[WhiteFideId "8603820"]
[BlackFideId "3512428"]
[EventDate "2022.12.12"]

1. d4 Nf6 2. c4 g6 3. Nc3 Bg7 4. e4 d6 5. Be2 O-O 6. Be3 Nbd7 7. h4 h5 8. Nh3 c5
9. Ng5 cxd4 10. Bxd4 Ne5 11. Nd5 Bd7 12. O-O Bc6 13. f4 Neg4 14. f5 gxf5 15.
Rxf5 e5 16. Nxf6+ Nxf6 17. Be3 Nxe4 18. Bd3 Qd7 19. Rf2 Nxg5 20. Bf5 Qc7 21.
Qxh5 Be4 22. Qxg5 Bxf5 23. Rxf5 Qxc4 24. Rf6 Qe4 25. Raf1 Rae8 26. h5 Re6 27. h6
Qxe3+ 28. Qxe3 Bxf6 29. Qg3+ Bg5 30. Qxg5+ Rg6 31. Qxg6+ 1-0

[Event "9th Sunway Sitges 2022"]
[Site "Sitges ESP"]
[Date "2022.12.14"]
[Round "3.2"]
[White "Firat, Burak"]
[Black "Niemann, Hans Moke"]
[Result "0-1"]
[WhiteTitle "GM"]
[BlackTitle "GM"]
[WhiteElo "2460"]
[BlackElo "2698"]
[WhiteFideId "6305881"]
[BlackFideId "2093596"]
[EventDate "2022.12.12"]

1. Nf3 Nf6 2. g3 b5 3. Bg2 Bb7 4. O-O e6 5. d3 d5 6. Nbd2 Be7 7. e4 c5 8. Re1
Nc6 9. c3 O-O 10. e5 Nd7 11. Nf1 Nb6 12. d4 b4 13. h4 a5 14. Bg5 a4 15. dxc5 Nd7
16. cxb4 Nxb4 17. Rc1 Bxg5 18. hxg5 Qa5 19. Qd4 Nxa2 20. g6 Nxc1 21. Rxc1 hxg6
22. c6 Rac8 23. Ng5 Rxc6 24. Rxc6 Bxc6 25. Qh4 Re8 26. Qh7+ Kf8 27. Qh8+ Ke7 28.
Qxg7 Rf8 29. Bh3 Qc7 30. Nxe6 Qxe5 31. Qxe5 Nxe5 32. Nxf8 Kxf8 33. Ne3 d4 0-1

[Event "9th Sunway Sitges 2022"]
[Site "Sitges ESP"]
[Date "2022.12.14"]
[Round "3.3"]
[White "Van Foreest, Jorden"]
[Black "Sardana, Rishi"]
[Result "1-0"]
[WhiteTitle "GM"]
[BlackTitle "IM"]
[WhiteElo "2690"]
[BlackElo "2460"]
[WhiteFideId "1039784"]
[BlackFideId "25004301"]
[EventDate "2022.12.12"]

1. c4 e6 2. Nc3 d5 3. d4 a6 4. cxd5 exd5 5. Bf4 c6 6. e3 Bd6 7. Qf3 Ne7 8. Bd3
O-O 9. Rd1 Qc7 10. Nge2 Nd7 11. Qg3 Bxf4 12. Nxf4 Re8 13. Bxh7+ Kxh7 14. Ne6
Qxg3 15. hxg3+ Kg8 16. Nc7 Nf6 17. Nxa8 Bg4 18. Nb6 Bxd1 19. Kxd1 Nf5 20. Kd2
Ng4 21. Rf1 Re6 22. Nd7 Rh6 23. Nd1 a5 24. Nc5 b6 25. Nd7 b5 26. b3 a4 27. Rg1
axb3 28. axb3 Re6 29. Nc5 Re7 30. Nd3 Ra7 31. Nc3 g6 32. Re1 Ra3 33. Kc2 Kg7 34.
Kb2 Ra8 35. Na2 Rh8 36. Nab4 Rh2 37. Rg1 Ne7 38. Kc2 Nf6 39. Ne5 Ne4 40. Nbd3 f6
41. Nf3 Rh8 42. Ra1 Nf5 43. Ra7+ Kh6 44. Rc7 Ra8 45. Kb2 Ra6 46. Nc5 Nxc5 47.
dxc5 g5 48. g4 Nh4 49. Nd4 1-0

[Event "9th Sunway Sitges 2022"]
[Site "Sitges ESP"]
[Date "2022.12.14"]
[Round "3.4"]
[White "Erdogmus, Yagiz Kaan"]
[Black "Alekseenko, Kirill"]
[Result "0-1"]
[WhiteTitle "IM"]
[BlackTitle "GM"]
[WhiteElo "2453"]
[BlackElo "2672"]
[WhiteFideId "44599790"]
[BlackFideId "4135539"]
[EventDate "2022.12.12"]

1. d4 Nf6 2. c4 e6 3. g3 Bb4+ 4. Bd2 Be7 5. Bg2 d5 6. Nf3 O-O 7. O-O Nbd7 8. Qc2
c6 9. Bf4 h6 10. Rd1 a5 11. b3 Ne4 12. Ne5 Nxe5 13. Bxe4 Nd7 14. Bg2 f5 15. Nc3
g5 16. Bc1 Nf6 17. f3 Bd7 18. e4 dxe4 19. fxe4 e5 20. exf5 exd4 21. Na4 b5 22.
cxb5 cxb5 23. Bxa8 Qxa8 24. Nb6 Qa7 25. Nxd7 d3+ 26. Qf2 Qxd7 27. Qe3 Ng4 28.
Qe6+ Qxe6 29. fxe6 Bc5+ 30. Kg2 Rf2+ 31. Kh3 Ne5 32. g4 Bd4 33. Rb1 Kf8 34. Bd2
b4 35. Be1 Rxa2 36. Bg3 Ke7 37. Re1 Kxe6 38. Rbd1 Kf6 39. Re4 Bc3 40. Rf1+ Ke6
41. Rfe1 Kd5 42. Bxe5 d2 43. Bxc3 dxe1=Q 44. Rd4+ Ke5 0-1

[Event "9th Sunway Sitges 2022"]
[Site "Sitges ESP"]
[Date "2022.12.14"]
[Round "3.5"]
[White "Demchenko, Anton"]
[Black "Raja, Rithvik R"]
[Result "1/2-1/2"]
[WhiteTitle "GM"]
[BlackTitle "GM"]
[WhiteElo "2632"]
[BlackElo "2453"]
[WhiteFideId "4160258"]
[BlackFideId "35007394"]
[EventDate "2022.12.12"]

1. e4 e5 2. Nf3 Nf6 3. Nxe5 d6 4. Nf3 Nxe4 5. d3 Nf6 6. d4 d5 7. Bd3 Bd6 8. O-O
O-O 9. Bg5 Bg4 10. Nbd2 Nbd7 11. c4 c6 12. c5 Bc7 13. Re1 h6 14. Bh4 Ba5 15. Re3
Re8 16. Rxe8+ Qxe8 17. Qc2 Bh5 18. a3 Bxd2 19. Nxd2 Bg6 20. Bxg6 fxg6 21. Bxf6
gxf6 22. Qb3 Rb8 23. Qg3 Nf8 24. Qd6 Kg7 25. Qc7+ Kg8 26. Qd6 Kg7 27. Qc7+ Kg8
28. Nf3 Ne6 29. Qg3 Ng5 30. Nxg5 hxg5 31. Qd6 Qf8 32. Qc7 Qd8 33. Qg3 Qe8 34.
Kf1 Rd8 35. Re1 Qf7 36. Qe3 Kf8 37. f4 gxf4 38. Qxf4 Kg7 39. h4 Re8 40. Rxe8
Qxe8 41. Qc7+ Kh6 42. Qf4+ Kg7 43. Kf2 Qe7 44. b4 f5 45. g3 Qe4 46. Qc7+ Kh6 47.
Qf4+ Qxf4+ 48. gxf4 1/2-1/2